<?xml version="1.0" encoding="UTF-8"?><?xml-stylesheet type="text/xsl" href="static/style.xsl"?><OAI-PMH xmlns="http://www.openarchives.org/OAI/2.0/" xmlns:xsi="http://www.w3.org/2001/XMLSchema-instance" xsi:schemaLocation="http://www.openarchives.org/OAI/2.0/ http://www.openarchives.org/OAI/2.0/OAI-PMH.xsd"><responseDate>2026-04-26T22:06:16Z</responseDate><request verb="GetRecord" identifier="oai:uvadoc.uva.es:10324/29587" metadataPrefix="marc">https://uvadoc.uva.es/oai/request</request><GetRecord><record><header><identifier>oai:uvadoc.uva.es:10324/29587</identifier><datestamp>2021-06-29T21:28:43Z</datestamp><setSpec>com_10324_38</setSpec><setSpec>col_10324_852</setSpec></header><metadata><record xmlns="http://www.loc.gov/MARC21/slim" xmlns:doc="http://www.lyncode.com/xoai" xmlns:xsi="http://www.w3.org/2001/XMLSchema-instance" xmlns:dcterms="http://purl.org/dc/terms/" xsi:schemaLocation="http://www.loc.gov/MARC21/slim http://www.loc.gov/standards/marcxml/schema/MARC21slim.xsd">
<leader>00925njm 22002777a 4500</leader>
<datafield tag="042" ind1=" " ind2=" ">
<subfield code="a">dc</subfield>
</datafield>
<datafield tag="720" ind1=" " ind2=" ">
<subfield code="a">González Rodríguez, María</subfield>
<subfield code="e">author</subfield>
</datafield>
<datafield tag="260" ind1=" " ind2=" ">
<subfield code="c">2017</subfield>
</datafield>
<datafield tag="520" ind1=" " ind2=" ">
<subfield code="a">En el presente proyecto se realizará un análisis de los ingresos de los trabajadores por&#xd;
cuenta propia en el territorio español. Se ha tomado como referencia, para hacer este&#xd;
estudio, la Encuesta de Condiciones de Vida (ECV) de 2014. Se han extraído los datos&#xd;
del cuestionario individual haciendo hincapié en las variables relativas a datos&#xd;
laborales&#xd;
En el segundo apartado, se dan unas pequeñas pinceladas sobre la definición y&#xd;
trayectoria del trabajador por cuenta propia donde se define el concepto de trabajador&#xd;
por cuenta propia o trabajador autónomo. También haremos reseña de la ley que lo&#xd;
regulariza y ciñéndonos a su preámbulo II donde nos explica la evolución del&#xd;
trabajador autónomo a lo largo de los años.&#xd;
En el tercer apartado hablaremos sobre la Encuesta de Condiciones de Vida y el&#xd;
objetivo que tiene, además de su método de recogida de datos.&#xd;
En el análisis estadístico, que comprende el cuarto apartado, se hace una pequeña&#xd;
reseña de la población que se estudia.&#xd;
Un análisis comparativo entre los trabajadores por cuenta propia y por cuenta ajena.&#xd;
Es decir toda la población, haciendo un cruce de tablas entre los trabajadores por&#xd;
cuenta propia y trabajadores por cuenta propia, que trabajen o no en la actualidad, y&#xd;
que no hayan trabajado nunca.</subfield>
</datafield>
<datafield tag="024" ind2=" " ind1="8">
<subfield code="a">http://uvadoc.uva.es/handle/10324/29587</subfield>
</datafield>
<datafield ind1=" " ind2=" " tag="653">
<subfield code="a">Trabajo-Mercado de-España</subfield>
</datafield>
<datafield tag="245" ind1="0" ind2="0">
<subfield code="a">Análisis de los ingresos de los trabajadores por cuenta propia a partir de la Encuesta de Condiciones de Vida</subfield>
</datafield>
</record></metadata></record></GetRecord></OAI-PMH>